| 000 | 00824nam a2200253 i 4500 | ||
|---|---|---|---|
| 003 | DO-SdBNP | ||
| 005 | 20240304124021.0 | ||
| 007 | ta | ||
| 008 | 240304s1982 dr a 000 0 spa dd | ||
| 040 |
_aDO-SdBNP _bspa _cBNPHU _erda |
||
| 082 |
_222 _bL315 |
||
| 100 |
_aLaporte, Virginia _984511 |
||
| 245 | 1 | 0 |
_aLa iglesia : _breligión del cuarto curso / _cVirginia Laporte ; dibujos Jesus A. Sánchez B. |
| 250 | _a2a. edición | ||
| 264 |
_aSanto Domingo : _bInstituto catequístico Fray Ramón Pane, _c1982. |
||
| 300 |
_a59 páginas _bilustraciones _c21 cm. |
||
| 336 |
_2rdacontent _atexto _btxt |
||
| 337 |
_2rdamedia _asin mediación _bn |
||
| 338 |
_2rdacarrier _avolumen _bnc |
||
| 590 | _aInventariado, 2024/YL | ||
| 700 | 1 | 2 |
_aSanchez B., Jesús A. _eilustraciones _915795 |
| 910 | _aYLockward | ||
| 942 |
_2ddc _cLBS1 |
||
| 999 |
_c56025 _d56025 |
||